John F. Kennedy Center for the Performing Arts Authorization Act.

Bibliographic Details
Corporate Authors: United States. Congress. Senate. Committee on Environment and Public Works, ProQuest (Firm)
Format: Government Document eBook
Language:English
Published: Washington : [publisher not identified], 1998.
Series:United States congressional serial set.
Subjects:
Online Access:Connect to the full text of this electronic book

MARC

Tag First Indicator Second Indicator Subfields
LEADER 00000cam a22000001a 4500
001 in00002858968
005 20190331175025.0
006 m o d
007 cr bn mmmapmmp
008 110609s1998 dcud o f000 0 eng d
035 |a cis2004634955 
040 |a ProQuest  |c ProQuest  |d UtOrBLW 
043 |a n-us--- 
086 0 |a Y 1.1/5:105-215 
099 |a ProQuest Serial Set Number 14470 S.rp.215 
110 1 |a United States.  |b Congress.  |b Senate.  |b Committee on Environment and Public Works. 
245 1 0 |a John F. Kennedy Center for the Performing Arts Authorization Act. 
264 1 |a Washington :  |b [publisher not identified],  |c 1998. 
300 |a 1 online resource. 
336 |a text  |b txt  |2 rdacontent 
337 |a computer  |b c  |2 rdamedia 
338 |a online resource  |b cr  |2 rdacarrier 
490 0 |a S. Rpt. 105-215 
500 |a Record is based on bibliographic data in ProQuest U.S. Serial Set Digital Collection (last viewed June 2011). Reuse except for individual research requires license from ProQuest, LLC. 
510 3 |a ProQuest U.S. Serial Set Digital Collection 
500 |a Electronic resource. 
610 2 0 |a John F. Kennedy Center for the Performing Arts (U.S.) 
650 0 |a Federal aid to the arts. 
650 0 |a Public buildings. 
655 7 |a Electronic books.  |2 local 
710 2 |a ProQuest (Firm) 
830 0 |a United States congressional serial set. 
856 4 0 |u http://proxy.library.tamu.edu/login?url=http://congressional.proquest.com/congcomp/getdoc?SERIAL-SET-ID=14470+S.rp.215  |z Connect to the full text of this electronic book  |t 0 
999 |a MARS 
999 f f |s eb1befae-174c-347a-8708-3c196aeef3ef  |i d0d576cb-f694-3a3f-88cd-87d0a0a5ca09  |t 0 
952 f f |a Texas A&M University  |b College Station  |c Electronic Resources  |d Available Online  |t 0  |e ProQuest Serial Set Number 14470 S.rp.215  |h Other scheme 
998 f f |a ProQuest Serial Set Number 14470 S.rp.215  |t 0  |l Available Online